00439nam a22001217a 4500082002100000100002500021245008900046526003700135650001300172942001200185999001900197952010100216 a625.7095491bNAT aN.E.S.Pak Ltd943621 aPolicy for the design of the design of interchanges on indus highway/bN.E.S.Pak Ltd a0b0c0d625_709549100000000_NAT aMCE9379 2ddccBK c547420d547420 00102ddc4070aMCEbMCEd2014-07-14l0o625.7095491 NATpMCE-41424r2014-07-14w2014-07-14yBK